000 01947cam a22005534i 4500
003 PE-LiUPU
005 20250731180146.0
008 150706s r 000 0 d
020 _a9789701514016
035 _a(Sirsi) i9789701514016
040 _aPE-LiUPU
_bspa
_cPE-LiUPU
_erda
049 _aPRUA
082 0 4 _a519.4
_bJ54
_221
100 1 _aJiménez Murillo, José Alfredo,
_eautor.
245 1 0 _aMatemáticas para la computación /
_cJosé Alfredo Jiménez Murillo.
264 1 _aMéxico :
_bAlfaomega ,
_c2008.
300 _a496 páginas :
_bilustraciones ;
_c24 cm.
336 _atext
_2rdacontent
337 _aunmediated
_2rdamedia
338 _avolume
_2rdacarrier
504 _aIncluye bibliografía.
505 0 _aSistema numérico -- Métodos de conteo -- Conjuntos -- Lógica matemática -- Álgebra booleana -- Relaciones -- Grafos -- Árboles -- Introducción a los lenguajes formales.
526 _aSEG44
526 _aSEG26
526 _aP159
526 _aP155
526 _aP154
526 _aP153
526 _aP150
526 _aP100
526 _aP31
526 _aP30
526 _aP26
526 _aP25
526 _aP24
526 _aP22
526 _aP15
526 _aP10
541 _g001-0035140;
650 0 4 _aMatemáticas en procesamiento electrónico de datos.
650 0 4 _aComputadoras
_xMatemáticas.
700 1 _aRodriguez Cruz, Francisco Javier,
_eed.
910 _agl
_bjv
_cng
_d20120510
942 _2ddc
_cBOOK
949 _a519.4 J54
_wDEWEY
_c1
_i64579
_lCCODEBUL1
_mBUL
_p34.00
_r0
_sY
_tBOOK
_u2015-7-6
_xINGENIERIA
_PP27
_o.STAFF. Colección General
994 _aC0
_bPEPRU
596 _a1
999 _a519.4 J54
_wDEWEY
_c53293
_i64579
_d53293
_e2017-4-6
_f2021-11-9
_g7
_lCCODEBUL1
_mBUL
_n2
_p34.00
_r0
_sY
_tBOOK
_u2015-7-6
_xINGENIERIA
_PP27
_0COMPRA
_o.STAFF. Colección General
980 _81
_gALBERTO SANCHEZ Responsable de Automatización